00249nam a2200097Ia 4500008004000000082001300040100001500053245003000068260004500098300000800143210210b1965 xxu||||| |||| 00| 0 eng d a306 TAXH aTAX (Sol). aHorizons of anthropology. aLondon.bGeorge Allen & Unwin Ltd.c1965 a288